HANDBOOK OF PUBLIC RELATIONS THE STANDARD GUIDE TO PUBLIC AFFAIRS AND COMMUNICATIONS (Record no. 584072)
[ view plain ]
| 000 -LEADER | |
|---|---|
| fixed length control field | 00358nam a22001337a 4500 |
| 020 ## - INTERNATIONAL STANDARD BOOK NUMBER | |
| International Standard Book Number | 07-061183-1 |
| 082 ## - DEWEY DECIMAL CLASSIFICATION NUMBER | |
| Classification number | 659.2 HAN'S |
| 100 ## - MAIN ENTRY--PERSONAL NAME | |
| Personal name | STEPHENSON, H |
| 9 (RLIN) | 79003 |
| 245 ## - TITLE STATEMENT | |
| Title | HANDBOOK OF PUBLIC RELATIONS THE STANDARD GUIDE TO PUBLIC AFFAIRS AND COMMUNICATIONS |
| 250 ## - EDITION STATEMENT | |
| Edition statement | 2ND |
| 260 ## - PUBLICATION, DISTRIBUTION, ETC. | |
| Place of publication, distribution, etc. | NEWYORK |
| Name of publisher, distributor, etc. | MCGRAW HILL |
| Date of publication, distribution, etc. | 1971 |
| 300 ## - PHYSICAL DESCRIPTION | |
| Extent | XX, 836P |
| 942 ## - ADDED ENTRY ELEMENTS (KOHA) | |
| Koha item type | Book |
| Withdrawn status | Lost status | Damaged status | Not for loan | Permanent Location | Current Location | Shelving location | Date acquired | Total Checkouts | Full call number | Barcode | Date last seen | Price effective from | Koha item type |
|---|---|---|---|---|---|---|---|---|---|---|---|---|---|
| College of Electrical & Mechanical Engineering (CEME) | College of Electrical & Mechanical Engineering (CEME) | Reference | 06/23/2017 | 659.2 HAN'S | CEME-7190 | 06/28/2021 | 06/28/2021 | Book |
